<?xml version="1.0" encoding="UTF-8"?>
<record
    xmlns:xsi="http://www.w3.org/2001/XMLSchema-instance"
    xsi:schemaLocation="http://www.loc.gov/MARC21/slim http://www.loc.gov/standards/marcxml/schema/MARC21slim.xsd"
    xmlns="http://www.loc.gov/MARC21/slim">

  <leader>01144nam a2200109   4500</leader>
  <datafield tag="245" ind1=" " ind2=" ">
    <subfield code="a">Provincia Italia, Linee editoriali e Progetto apostolico, 2000</subfield>
    <subfield code="b">(San Paolo Provincia Italia, n&#xB0; 3 ottobre 2000)</subfield>
  </datafield>
  <datafield tag="250" ind1=" " ind2=" ">
    <subfield code="a">1&#xB0; ed</subfield>
  </datafield>
  <datafield tag="260" ind1=" " ind2=" ">
    <subfield code="a">Roma</subfield>
    <subfield code="b">SSP Provincia Italia</subfield>
    <subfield code="c">2000</subfield>
  </datafield>
  <datafield tag="300" ind1=" " ind2=" ">
    <subfield code="a">71 pp.</subfield>
    <subfield code="c">21 cm</subfield>
  </datafield>
  <datafield tag="520" ind1=" " ind2=" ">
    <subfield code="a">Indice

Presentazione
Linee editoriali
Progetto apostolico

A - Premesse dottrinali
1. Un "Progetto" per evangelizzare
2. La missione della Societ&#xE0; San Paolo
3. La missione e la fedelt&#xE0; creativa
4. La missione paolina nel contesto ecclesiale di oggi
5. La missione nel contesto socio-culturale di oggi
6. La missione paolina nel contesto comunicativo di oggi
7. La missione paolina oggi nel contesto della Societ&#xE0; San
    Paolo

B - Scelte operative: Obiettivi e tappe di realizzazione

8. Sintesi delle scelte strategiche del Progetto Italia
9. Piano operativo del Progetto apostolico 1998-2000
10. Animazione vocazionale e azione formativa nel Progetto
     apostolico
11. Progetto apostolico e programma annuale

Allegato 1
Storia del Progetto apostolico

Allegato 2
Organigramma gestionale del Gruppo San Paolo

 
</subfield>
  </datafield>
  <datafield tag="942" ind1=" " ind2=" ">
    <subfield code="2">ddc</subfield>
  </datafield>
  <datafield tag="999" ind1=" " ind2=" ">
    <subfield code="c">98222</subfield>
    <subfield code="d">98222</subfield>
  </datafield>
  <datafield tag="952" ind1=" " ind2=" ">
    <subfield code="0">0</subfield>
    <subfield code="1">0</subfield>
    <subfield code="2">ddc</subfield>
    <subfield code="4">0</subfield>
    <subfield code="7">1</subfield>
    <subfield code="a">PAULUS</subfield>
    <subfield code="b">PAULUS</subfield>
    <subfield code="d">2022-09-26</subfield>
    <subfield code="l">0</subfield>
    <subfield code="r">2022-09-26 00:00:00</subfield>
    <subfield code="w">2022-09-26</subfield>
    <subfield code="y">BK</subfield>
  </datafield>
</record>
